000 01163nam a2200397 a 4500
003 AR-BaBNM
005 20251128203816.0
008 082120s2002 ||||||||||||||000 | spa||
020 _a84-7522-659-0
040 _cAR-BaBNM
100 1 _aGraves, Norman J.
245 0 0 _aLa enseñanza de la geografía
250 _a1ª ed.
260 _aMadrid
_bVisor
_c1985
300 _a219 p.
_bil., gráfs.
490 0 _aAprendizaje
_vv. 27
500 _aReferencias p. 201-206
500 _aIndice de materias p. 207-214
500 _aIndice de autores p. 215-217
650 4 _aENSEÑANZA DE LA GEOGRAFIA
650 4 _aOBJETIVOS EDUCACIONALES
650 4 _aFINALIDADES DE LA EDUCACION
650 4 _aPLANIFICACION DEL PLAN DE ESTUDIO
650 4 _aPROBLEMAS METODOLOGICOS
650 4 _aEVALUACION DEL ALUMNO
650 4 _aTECNICAS DE EVALUACION
700 1 _aPozo, Juan Ignacio
_eprologuista
700 1 _aCarretero, Mario
_eprologuista
700 1 _aSánchez, Genis
_etraductor
800 1 _aAlvarez, Amelia
800 1 _aColl, César
800 1 _aPalacios, Jesús
800 1 _aDel Río, Pablo
_edirector
942 _cBK
998 _cCarmen
999 _c5003
_d5003